LEADER 02508nam 2200613Ia 450 001 9910454009003321 005 20200520144314.0 010 $a1-280-76096-6 010 $a0-19-802662-5 035 $a(CKB)1000000000578158 035 $a(EBL)272244 035 $a(OCoLC)476009804 035 $a(SSID)ssj0000196114 035 $a(PQKBManifestationID)11208938 035 $a(PQKBTitleCode)TC0000196114 035 $a(PQKBWorkID)10141705 035 $a(PQKB)11470579 035 $a(MiAaPQ)EBC272244 035 $a(Au-PeEL)EBL272244 035 $a(CaPaEBR)ebr10278083 035 $a(CaONFJC)MIL76096 035 $a(EXLCZ)991000000000578158 100 $a19961216d1998 uy 0 101 0 $aeng 135 $aurcn||||||||| 181 $ctxt 182 $cc 183 $acr 200 10$aMaking sense of the Molly Maguires$b[electronic resource] /$fKevin Kenny 210 $aNew York $cOxford University Press$d1998 215 $a1 online resource (365 p.) 300 $aDescription based upon print version of record. 311 $a0-19-511631-3 311 $a0-19-510664-4 320 $aIncludes bibliographical references (p. 315-328) and index. 327 $aContents; Abbreviations Used in Footnotes; Introduction; 1 Whiteboys, Ribbonmen, and Molly Maguires; 2 The World of Anthracite; 3 Enter the Molly Maguires; 4 The Rise of a Labor Movement; 5 The Reading Railroad Takes Control; 6 The Return of the Molly Maguires; 7 Rough Justice; 8 The Molly Maguires on Trial; 9 Black Thursday; Epilogue; Conclusion; Appendices; Bibliography; Index 330 $aA group of 20 Irish immigrants, suspected of comprising a secret terrorist organization called the ""Molly Maguires"", were executed in Pennsylvania in the 1870's for the murder of 16 men. This work offers a new interpretation of their dramatic story, tracing the origins of the group. 606 $aCoal miners$zPennsylvania$xHistory 606 $aIrish Americans$zPennsylvania$xHistory 606 $aIrish Americans$zPennsylvania$xSocial conditions 608 $aElectronic books. 615 0$aCoal miners$xHistory. 615 0$aIrish Americans$xHistory. 615 0$aIrish Americans$xSocial conditions. 676 $a364.10609748 676 $a973.82 700 $aKenny$b Kevin$f1960-$0850128 801 0$bMiAaPQ 801 1$bMiAaPQ 801 2$bMiAaPQ 906 $aBOOK 912 $a9910454009003321 996 $aMaking sense of the Molly Maguires$91898292 997 $aUNINA LEADER 01235nam0 22003011i 450 001 UON00014943 005 20231205101949.919 010 $a08-478-1366-5 100 $a20020107d1990 |0itac50 ba 101 $aita 102 $aIT 105 $a|||| 1|||| 200 1 $aArte islamica e mecenatismo$eTesori dal Kuwait$fa cura di Esin Atil 210 $a[New York$cRizzoli International Publications]$dcopyr.1990 215 $a328 p.$cill.$d31 c 300 $aPubblicato in occasione di una mostra itinerante della collezione Al-Sabah 606 $aARTE ISLAMICA$xCOLLEZIONI E MUSEI$xKUWAIT$3UONC002183$2FI 620 $aUS$dNew York$3UONL000050 686 $aARA IX L$cPAESI ARABI - ARTI - ESPOSIZIONI$2A 702 1$aATIL$bEsin$3UONV006380 702 1$aˆal-‰SABAH$bNasir Sabah al-Ahmad$3UONV026754 712 $aRizzoli International Publ.$3UONV252619$4650 801 $aIT$bSOL$c20240220$gRICA 899 $aSIBA - SISTEMA BIBLIOTECARIO DI ATENEO$2UONSI 912 $aUON00014943 950 $aSIBA - SISTEMA BIBLIOTECARIO DI ATENEO$dSI ARA IX L 036 $eSI SA 90754 7 036 996 $aArte islamica e mecenatismo$91196333 997 $aUNIOR